| 000 | 00405pam a2200169 a 4500 | ||
|---|---|---|---|
| 020 |
_a0-14-027137-6 _c |
||
| 041 | _h | ||
| 082 | _a641.5 | ||
| 100 |
_aPATRICIA BROWN _eAuthor |
||
| 245 |
_aANGLO-INDIAN FOOD & CUSTOMS _cPATRICIA BROWN _hTextual Documents |
||
| 250 | _a1st | ||
| 260 |
_aNew Delhi _bPenguin Book |
||
| 300 | _a414 | ||
| 653 | _afood production | ||
| 700 | _eCo-Author | ||
| 930 | _a240 | ||
| 999 |
_c242868 _d242868 |
||